mixed letters store brands - Statistics

General Stats
  • This quiz has been taken 105 times
  • The average score is 5 of 10
Answer Stats
Hint Answer % Correct
xtmaj tj max
85%
cejnnyps jc pennys
78%
ycasm macys
73%
ikcds dicks
52%
lbek belk
49%
lmrtawa walmart
39%
nnbaaaureblcip banana republic
27%
iejutcs justice
24%
arlidlds dillards
12%
liersac claires
10%
No matching quizzes found
Score Distribution
Percent of People with Each Score
Percentile by Number Answered
Your Score History
You have not taken this quiz